| 000 | 00384nam a2200169Ia 4500 | ||
|---|---|---|---|
| 003 | OSt | ||
| 005 | 20251107101006.0 | ||
| 008 | 250729s2005 xx 000 0 und d | ||
| 040 | _cAL | ||
| 041 | _akan | ||
| 082 | _a020.2 DSET | ||
| 245 | _aತಿಳಿಗನ್ನಡ- ೫(IX) | ||
| 260 |
_aBangalore _c2005 |
||
| 300 | _a142p | ||
| 650 |
_aKannada _9224017 |
||
| 942 |
_2ddc _cBED |
||
| 999 |
_c236199 _d236199 |
||